Access to Electrical Working Areas
Inšpekcie elektrických pracovných priestorov v Nemecku podliehajúce od roku 2010 novému prístupu. Pohľad, ktorý sa netýka iba kontroly žeriavových inštalácií. Bezpečnostné požiadavky a / alebo ochranné opatrenia.
Salvato in:
| Autore principale: | |
|---|---|
| Altri autori: | , |
| Natura: | Capitolo di libro |
| Lingua: | inglese |
| Soggetti: | |
| Tags: |
Nessun Tag, puoi essere il primo ad aggiungerne!!
|
MARC
| LEADER | 00000naa a2200000 4500 | ||
|---|---|---|---|
| 001 | 0270264 | ||
| 005 | 20240502074231.6 | ||
| 041 | 0 | |a eng | |
| 044 | |a SK | ||
| 245 | 1 | 0 | |a Access to Electrical Working Areas |c Andreas Kohla, Naqibullah Daneshjo, Terézia Čekanová |
| 520 | |a Inšpekcie elektrických pracovných priestorov v Nemecku podliehajúce od roku 2010 novému prístupu. Pohľad, ktorý sa netýka iba kontroly žeriavových inštalácií. Bezpečnostné požiadavky a / alebo ochranné opatrenia. | ||
| 610 | 2 | 0 | |a priestor pracovný |
| 610 | 2 | 0 | |a opatrenia |
| 610 | 2 | 0 | |a bezpečnosť práce |
| 610 | 2 | 0 | |a elektrina |
| 100 | 1 | |a Kohla, Andreas | |
| 700 | 1 | |a Daneshjo, Naqibullah, 1964- | |
| 700 | 1 | |a Čekanová, Terézia | |